|
|
|
|
| LEADER |
00000nam a2200000 a 4500 |
| 001 |
vtls008946008 |
| 003 |
SK-MaSNL |
| 005 |
20260302075629.0 |
| 008 |
240313 000 0 eng |
| 040 |
|
|
|a SNK
|b slo
|c SNK
|e AACR2
|
| 100 |
1 |
|
|a Vagács, Caesarius
|4 aut
|9 742740
|
| 245 |
1 |
|
|a Bernardini Takács Benedictini Pannonii Carmina Selecta.
|
| 260 |
|
|
|a Comaromii
|b Fratrum Siegler
|c 1866
|
| 300 |
|
|
|a 290 s.
|
| 999 |
|
|
|c 1169977
|d 1171907
|
| 952 |
|
|
|a SNK
|b SNK
|y VYP
|7 0
|p 17A0540108
|o snkSC 9453 D1
|i snkF 3879/67
|8 5
|3 rekatalogizácia
|0 0
|1 0
|4 0
|d 2007-02-15
|l 0
|r 2026-02-24 21:00:57
|w 2026-02-24
|
| 952 |
|
|
|a SNK
|b SNK
|y VYP
|7 0
|p 17A0540220
|o snkSC 9453 D3
|i snkK 2535/72
|8 3
|3 rekatalogizácia
|0 0
|1 0
|4 0
|d 2007-02-15
|l 0
|r 2026-02-24 21:00:57
|w 2026-02-24
|
| 952 |
|
|
|a SNK
|b SNK
|y PREZ
|7 0
|p 17A0799249
|o snkSC 9453
|i snkKSK 537/57
|8 3
|0 0
|1 0
|4 0
|d 2012-08-22
|l 0
|r 2025-07-09 00:00:00
|w 2026-02-24
|